[Event "Online Olym Div2 D 2020"]
[Site "chess.com INT"]
[Date "2020.08.15"]
[Round "4.5"]
[Board "5"]
[White "Castellanos Villela, Alejandro"]
[Black "Pantzar, Milton"]
[Result "0-1"]
[WhiteTitle "CM"]
[BlackTitle "IM"]
[WhiteElo "2202"]
[BlackElo "2424"]
[WhiteTeam "Chile"]
[BlackTeam "Sweden"]
[WhiteFideId "3446379"]
[BlackFideId "1721003"]
[EventDate "2020.08.14"]
[EventType "team"]

1. Nf3 d5 2. g3 g6 3. Bg2 Bg7 4. d4 Nf6 5. O-O O-O 6. c4 c6 7. b3 dxc4 8. bxc4
c5 9. Bb2 cxd4 10. Nxd4 Qb6 11. Qc1 Bd7 12. Rd1 Nc6 13. e3 Rac8 14. Na3 Qa6 15.
Rb1 b6 16. Ndb5 Bf5 17. e4 Bg4 18. f3 Be6 19. Qe3 Na5 20. e5 Nd7 21. Nd4 Bxc4
22. Bh3 e6 23. Nxe6 Bxe6 24. Bxe6 fxe6 25. Rxd7 Nc4 26. Nxc4 Qxc4 27. Rbd1 Qxa2
28. R1d2 Qb1+ 29. Kg2 Rc2 30. Qb3 Rxd2+ 31. Rxd2 Qf5 32. f4 g5 33. Ba3 Rc8 34.
Qa4 gxf4 35. gxf4 Qg4+ 36. Kf2 Bxe5 37. Re2 Qxf4+ 38. Qxf4 Bxf4 39. Rxe6 Bxh2
40. Re7 a5 41. Rb7 Rb8 42. Ra7 Be5 43. Re7 Bd4+ 44. Ke2 b5 45. Rd7 Bf6 46. Ra7
b4 47. Bc1 b3 48. Rxa5 b2 49. Bxb2 Rxb2+ 50. Kf3 Kg7 51. Kg3 Kg6 52. Kg4 Rb4+
53. Kg3 Bg5 54. Kh3 Rb3+ 55. Kg2 Kh5 56. Ra4 Bf6 57. Rc4 Kg5 58. Ra4 Be5 59. Rc4
Bf4 60. Rc8 Kg4 61. Rg8+ Bg5 62. Rf8 h5 63. Rf1 h4 64. Kh1 Bf4 65. Rg1+ Bg3 66.
Rf1 Rb2 67. Rd1 Bf4 68. Rg1+ Kh3 69. Re1 Rb8 70. Kg1 Rb3 71. Rd1 Be3+ 72. Kf1
Rb2 73. Rd3 Rf2+ 74. Ke1 Rf3 75. Ke2 Kg2 76. Rd7 Rg3 77. Rh7 h3 78. Rh8 h2 79.
Rh7 h1=Q 80. Rxh1 Kxh1 81. Kd3 Kg2 82. Ke4 Bc1 83. Kd4 Kf2 84. Kc4 Ke3 85. Kc3
Rg8 86. Kc2 Rc8+ 87. Kd1 Ba3 0-1

[Event "Online Olym Div2 D 2020"]
[Site "chess.com INT"]
[Date "2020.08.15"]
[Round "4.5"]
[Board "6"]
[White "Zaritovskaja, Margarita"]
[Black "Figueroa Bernal, Julia Dennis"]
[Result "1-0"]
[BlackTitle "WCM"]
[WhiteElo "2040"]
[BlackElo "1776"]
[WhiteTeam "Sweden"]
[BlackTeam "Chile"]
[WhiteFideId "14149249"]
[BlackFideId "3435300"]
[EventDate "2020.08.14"]
[EventType "team"]

1. e4 c6 2. Nc3 d5 3. Nf3 dxe4 4. Nxe4 Nf6 5. Qe2 Bf5 6. Nxf6+ gxf6 7. d3 h5 8.
Bd2 Nd7 9. Nh4 Bg4 10. f3 Be6 11. f4 Bg4 12. Qf2 e6 13. h3 Bf5 14. Nxf5 exf5 15.
O-O-O Be7 16. Re1 a5 17. Qg3 Kf8 18. Be2 Nc5 19. Qe3 Ne6 20. g4 Bc5 21. Qf3 Nd4
22. Qf1 Qd5 23. c4 Qd7 24. gxh5 Bb4 25. Bc3 Rd8 26. Rg1 Bxc3 27. bxc3 Ne6 28.
Qg2 Qd6 29. Ref1 Qa3+ 30. Kb1 Qxc3 31. Qf2 Nd4 32. Re1 Qc2+ 33. Ka1 Qc3+ 34. Kb1
b5 35. Qg2 Ne6 36. Qxc6 bxc4 37. Qb6 Rc8 38. dxc4 Qb4+ 39. Qxb4+ axb4 40. Rc1
Nxf4 41. Bf1 Rxh5 42. Rg3 Ne6 43. Rb3 Rb8 44. c5 f4 45. c6 Nc7 46. Rd3 Re5 47.
Rd7 Re7 48. Rd6 Nb5 49. Bxb5 Rxb5 50. c7 1-0

[Event "Online Olym Div2 D 2020"]
[Site "chess.com INT"]
[Date "2020.08.15"]
[Round "5.1"]
[Board "1"]
[White "Grandelius, Nils"]
[Black "Agdestein, Simen"]
[Result "0-1"]
[WhiteTitle "GM"]
[BlackTitle "GM"]
[WhiteElo "2662"]
[BlackElo "2552"]
[WhiteTeam "Sweden"]
[BlackTeam "Norway"]
[WhiteFideId "1710400"]
[BlackFideId "1500015"]
[EventDate "2020.08.14"]
[EventType "team"]

1. e4 e5 2. Nf3 Nc6 3. Bc4 Nf6 4. d3 h6 5. c3 g6 6. d4 d6 7. dxe5 dxe5 8. Qxd8+
Nxd8 9. Nxe5 Bd6 10. Nf3 Nxe4 11. O-O Be6 12. Bb5+ c6 13. Bd3 Nc5 14. Bc2 a5 15.
Be3 Bd5 16. Nbd2 Nde6 17. Rfe1 O-O-O 18. g3 Nd7 19. Bb3 Nf6 20. Nd4 Nc5 21. Nc4
Bc7 22. Nxc6 bxc6 23. Bxc5 a4 24. Bxa4 Bxc4 25. Be7 Ng4 26. Bxd8 Rxd8 27. Rad1
Bb6 28. Rxd8+ Kxd8 29. Rd1+ Kc7 30. Rd2 Bxa2 31. Bd1 Nf6 32. Bf3 Bb3 33. Kg2 g5
34. h3 h5 35. Kf1 g4 36. hxg4 hxg4 37. Bg2 c5 38. Ke1 Be6 39. Rd1 c4 40. Ra1 Nd7
41. Bf1 Nc5 42. Be2 Ne4 43. Ra4 Bxf2+ 44. Kf1 Bb6 45. Kg2 Nd2 46. Ra1 Bd5+ 47.
Kh2 Nf3+ 48. Kg2 Nd2+ 49. Kh2 f5 50. Rd1 Nf3+ 51. Kg2 Kc6 52. Kf1 Bc7 53. Kf2
Bb6+ 54. Kf1 Be3 55. Ra1 Nd2+ 56. Ke1 Ne4 57. Ra7 0-1

[Event "Online Olym Div2 D 2020"]
[Site "chess.com INT"]
[Date "2020.08.15"]
[Round "5.1"]
[Board "2"]
[White "Urkedal, Frode Olav Olsen"]
[Black "Blomqvist, Erik"]
[Result "1-0"]
[WhiteTitle "GM"]
[BlackTitle "GM"]
[WhiteElo "2549"]
[BlackElo "2537"]
[WhiteTeam "Norway"]
[BlackTeam "Sweden"]
[WhiteFideId "1506102"]
[BlackFideId "1709437"]
[EventDate "2020.08.14"]
[EventType "team"]

1. d4 d5 2. c4 c6 3. Nf3 Nf6 4. e3 g6 5. Nc3 Bg7 6. Be2 O-O 7. O-O Bg4 8. cxd5
cxd5 9. Qb3 b6 10. Bd2 Ne4 11. Be1 Nxc3 12. Bxc3 Nc6 13. Rac1 Qd6 14. Rfd1 Rfc8
15. h3 Bd7 16. Ba6 Rc7 17. Ne5 Be8 18. Nxc6 Bxc6 19. Bb4 Qd7 20. Qa3 Bf8 21. Rc3
Bb7 22. Bxb7 Rxc3 23. Qxc3 Qxb7 24. Rc1 e6 25. Bxf8 Rxf8 26. Qc7 Qa6 27. a3 h5
28. h4 Qb5 29. Rc2 a5 30. g3 Qd3 31. Qc3 Qb5 32. Kg2 Kg7 33. Qd2 Rd8 34. Rc7 Rd7
35. Rc8 Rb7 36. Qc3 Qd7 37. Qc2 Qd6 38. Rc3 Qd7 39. Rc6 Qe7 40. Qb3 b5 41. Rc5
Qd7 42. Qc2 b4 43. Rxa5 bxa3 44. bxa3 Ra7 45. Rxa7 Qxa7 46. a4 Qa5 47. Qb3 Kf6
48. Qb5 Qe1 49. a5 Qa1 50. a6 Kg7 51. Qb7 1-0

[Event "Online Olym Div2 D 2020"]
[Site "chess.com INT"]
[Date "2020.08.15"]
[Round "5.1"]
[Board "3"]
[White "Cramling, Pia"]
[Black "Stanford, Sheila Barth"]
[Result "1-0"]
[WhiteTitle "GM"]
[BlackTitle "WIM"]
[WhiteElo "2464"]
[BlackElo "2153"]
[WhiteTeam "Sweden"]
[BlackTeam "Norway"]
[WhiteFideId "1700030"]
[BlackFideId "1500953"]
[EventDate "2020.08.14"]
[EventType "team"]

1. Nf3 Nf6 2. c4 g6 3. Nc3 d5 4. cxd5 Nxd5 5. Qb3 Nb6 6. d4 Bg7 7. Bg5 O-O 8.
Rd1 Nc6 9. d5 Ne5 10. Nd4 Bd7 11. e4 c5 12. dxc6 Nxc6 13. Nxc6 bxc6 14. Ba6 Qc7
15. O-O Qe5 16. Be3 Rad8 17. Qb4 Rfe8 18. h3 Qc7 19. Qc5 Qe5 20. Qb4 Qc7 21. Rc1
Qb8 22. Rfd1 Be6 23. Rxd8 Qxd8 24. Qc5 Qd6 25. b3 Rd8 26. Bb7 Qxc5 27. Bxc5 Rd2
28. Bxc6 f5 29. exf5 gxf5 30. Bxe7 Bd4 31. Bh4 Kf7 32. Bf3 Bxc3 33. Rxc3 Rxa2
34. Bh5+ Kf8 35. Rc7 Bxb3 36. Rxh7 Nc8 37. Rc7 Rc2 38. Rb7 Be6 39. Rb5 Rc1+ 40.
Kh2 Rc2 41. Bg6 Nd6 42. Ra5 Kg7 43. Bh5 Nc8 44. Bf3 Rc7 45. Bg3 Rc2 46. Be5+ Kg6
47. Kg3 Rc1 48. h4 Rc4 49. Bf4 Bd7 50. h5+ Kh7 51. Re5 a6 52. Rd5 Nb6 53. Rd6
Rc6 54. Bxc6 1-0

[Event "Online Olym Div2 D 2020"]
[Site "chess.com INT"]
[Date "2020.08.15"]
[Round "5.1"]
[Board "4"]
[White "Dolzhikova, Olga"]
[Black "Agrest, Inna"]
[Result "1-0"]
[WhiteTitle "WGM"]
[BlackTitle "WIM"]
[WhiteElo "2208"]
[BlackElo "2284"]
[WhiteTeam "Norway"]
[BlackTeam "Sweden"]
[WhiteFideId "14105870"]
[BlackFideId "1708830"]
[EventDate "2020.08.14"]
[EventType "team"]

1. b3 e5 2. Bb2 Nc6 3. e3 Nf6 4. Bb5 d6 5. Ne2 a6 6. Bxc6+ bxc6 7. O-O a5 8.
Nbc3 Be7 9. f4 e4 10. h3 c5 11. d3 exd3 12. cxd3 O-O 13. e4 c6 14. Ng3 Qb6 15.
Kh1 a4 16. e5 Ne8 17. Nce4 d5 18. Nd2 a3 19. Bc3 Qa6 20. Nf3 Nc7 21. Qe2 Nb5 22.
Bd2 Re8 23. Rae1 Bf8 24. Ng5 h6 25. Nxf7 Kxf7 26. f5 Kg8 27. Qh5 Rd8 28. f6 Be6
29. Bxh6 Ra7 30. fxg7 Bxg7 31. Qg6 Nd4 32. Nh5 Bf5 33. Rxf5 Nxf5 34. Nf6+ Kf8
35. Nh7+ Kg8 36. Nf6+ Kf8 37. Nh7+ Kg8 38. Bxg7 Rxg7 39. Nf6+ Kf8 40. Qxf5 Qc8
41. e6 Qc7 42. Nxd5+ Rf7 43. exf7 Rxd5 44. Re8+ Kg7 45. f8=Q# 1-0

[Event "Online Olym Div2 D 2020"]
[Site "chess.com INT"]
[Date "2020.08.15"]
[Round "5.1"]
[Board "5"]
[White "Pantzar, Milton"]
[Black "Abdrlauf, Elham"]
[Result "0-1"]
[WhiteTitle "IM"]
[BlackTitle "FM"]
[WhiteElo "2424"]
[BlackElo "2373"]
[WhiteTeam "Sweden"]
[BlackTeam "Norway"]
[WhiteFideId "1721003"]
[BlackFideId "1533533"]
[EventDate "2020.08.14"]
[EventType "team"]

1. d4 g6 2. c4 Bg7 3. g3 Nf6 4. Bg2 O-O 5. Nc3 d6 6. Nf3 c6 7. O-O Nbd7 8. e4 e5
9. h3 Qc7 10. Be3 exd4 11. Nxd4 Re8 12. Qc2 a5 13. b3 Nc5 14. Rad1 Bd7 15. Kh2
Re7 16. Bf4 Rae8 17. Rfe1 b6 18. a3 Nh5 19. Bg5 Re5 20. Be3 Nf6 21. Bf4 Rh5 22.
Nf3 Ng4+ 23. Kg1 Ne5 24. h4 Bg4 25. Re3 Ne6 26. Bxe5 dxe5 27. Rdd3 Nd4 28. Nh2
Nxc2 0-1

[Event "Online Olym Div2 D 2020"]
[Site "chess.com INT"]
[Date "2020.08.15"]
[Round "5.1"]
[Board "6"]
[White "Kvendseth, Thyra"]
[Black "Zaritovskaja, Margarita"]
[Result "1-0"]
[WhiteElo "2017"]
[BlackElo "2040"]
[WhiteTeam "Norway"]
[BlackTeam "Sweden"]
[WhiteFideId "1520628"]
[BlackFideId "14149249"]
[EventDate "2020.08.14"]
[EventType "team"]

1. Nf3 f5 2. g3 Nf6 3. Bg2 g6 4. d4 Bg7 5. c4 d6 6. Nc3 c6 7. Bf4 O-O 8. O-O Ne4
9. Qd3 Nxc3 10. bxc3 Nd7 11. Rfd1 Nf6 12. Rab1 h6 13. h4 Nh5 14. Bc1 Qe8 15. Nh2
e5 16. e4 Qf7 17. Rb2 Be6 18. d5 Bd7 19. Rf1 Rab8 20. Bd2 c5 21. Qe2 a6 22. Rb6
fxe4 23. Bxe4 Bh3 24. Bg2 Bxg2 25. Kxg2 Qc7 26. Rfb1 Nf6 27. Ng4 Nxg4 28. Qxg4
Kh7 29. Qe6 Rf6 30. Qg4 Rbf8 31. Be3 Rb8 32. Qe4 Rf5 33. g4 Rf6 34. h5 a5 35. g5
Rf5 36. hxg6+ Kxg6 37. gxh6 Bh8 38. Kh2 Qh7 39. Rxd6+ Bf6 40. Rbb6 Rf8 41. Qg4+
Kf7 42. Rd7+ Be7 43. Rxe7+ Kxe7 44. Rxb7+ Ke8 45. Rxh7 1-0

[Event "Online Olym Div2 D 2020"]
[Site "chess.com INT"]
[Date "2020.08.15"]
[Round "5.2"]
[Board "1"]
[White "Indjic, Aleksandar"]
[Black "Henriquez Villagra, Cristobal"]
[Result "1-0"]
[WhiteTitle "GM"]
[BlackTitle "GM"]
[WhiteElo "2618"]
[BlackElo "2600"]
[WhiteTeam "Serbia"]
[BlackTeam "Chile"]
[WhiteFideId "911925"]
[BlackFideId "3409350"]
[EventDate "2020.08.14"]
[EventType "team"]

1. e3 Nf6 2. c4 g6 3. b3 Bg7 4. Bb2 O-O 5. Nf3 d6 6. d4 c5 7. Be2 Qa5+ 8. Bc3
Qc7 9. Nbd2 cxd4 10. Nxd4 a6 11. O-O e5 12. N4f3 Nbd7 13. Rc1 b6 14. Ng5 h6 15.
Nge4 Bb7 16. Bf3 Rad8 17. Ba1 Nc5 18. Nc3 Rfe8 19. e4 Qb8 20. Nd5 Nxd5 21. cxd5
b5 22. Bc3 Rc8 23. Qe2 h5 24. g4 hxg4 25. Bxg4 Rc7 26. Ba5 Rce7 27. Rc3 Bc8 28.
Bxc8 Rxc8 29. Rfc1 Rce8 30. b4 Nb7 31. Bc7 Qa7 32. Rc6 Bh6 33. R1c2 Bf4 34. Nf3
Kg7 35. a4 Rh8 36. axb5 axb5 37. Ra2 1-0

[Event "Online Olym Div2 D 2020"]
[Site "chess.com INT"]
[Date "2020.08.15"]
[Round "5.2"]
[Board "2"]
[White "Salinas Herrera, Pablo"]
[Black "Perunovic, Milos"]
[Result "0-1"]
[WhiteTitle "GM"]
[BlackTitle "GM"]
[WhiteElo "2514"]
[BlackElo "2585"]
[WhiteTeam "Chile"]
[BlackTeam "Serbia"]
[WhiteFideId "3407128"]
[BlackFideId "921629"]
[EventDate "2020.08.14"]
[EventType "team"]

1. e4 c5 2. Nf3 Nc6 3. Bb5 e6 4. O-O Nge7 5. d4 cxd4 6. Nxd4 Ng6 7. Be3 Be7 8.
f4 O-O 9. Kh1 a6 10. Bd3 b5 11. Nxc6 dxc6 12. a4 Bb7 13. Nd2 Qc7 14. Qh5 Rfd8
15. f5 Ne5 16. Bf4 Bd6 17. fxe6 fxe6 18. Bxe5 Bxe5 19. Nf3 Bxb2 20. Ng5 h6 21.
e5 Rxd3 22. Qg6 hxg5 23. Qxe6+ Kh8 24. cxd3 Qxe5 25. Qh3+ Kg8 26. Rae1 Qd5 27.
Rf5 Qd6 28. Qh5 Bf6 29. Qg6 Rd8 30. h4 Bc8 31. Rxg5 Bxg5 32. Re8+ Rxe8 33. Qxd6
Bf6 34. Qxc6 Re1+ 35. Kh2 Be5+ 36. g3 Re2+ 37. Kg1 Bg4 38. Kf1 Kh7 39. a5 Bxg3
40. Qd5 b4 41. h5 b3 42. Qxb3 Bf3 0-1

[Event "Online Olym Div2 D 2020"]
[Site "chess.com INT"]
[Date "2020.08.15"]
[Round "5.2"]
[Board "3"]
[White "Injac, Teodora"]
[Black "Abarca Gonzalez, Damaris"]
[Result "1-0"]
[WhiteTitle "WIM"]
[BlackTitle "WFM"]
[WhiteElo "2286"]
[BlackElo "2047"]
[WhiteTeam "Serbia"]
[BlackTeam "Chile"]
[WhiteFideId "932400"]
[BlackFideId "3409414"]
[EventDate "2020.08.14"]
[EventType "team"]

1. d4 d5 2. c4 c6 3. Nf3 Nf6 4. Nbd2 dxc4 5. Nxc4 Bf5 6. Qb3 b5 7. Nce5 Be6 8.
Qc2 Bd5 9. e3 Be4 10. Bd3 Bxd3 11. Qxd3 Qd5 12. O-O Nbd7 13. Bd2 e6 14. Rfc1 Rc8
15. Nxd7 Nxd7 16. e4 Qh5 17. a4 a6 18. axb5 axb5 19. Ra6 Nb8 20. Rb6 Bd6 21.
Rxb5 1-0

[Event "Online Olym Div2 D 2020"]
[Site "chess.com INT"]
[Date "2020.08.15"]
[Round "5.2"]
[Board "4"]
[White "Reyes Jara, Paula"]
[Black "Djukic, Sandra"]
[Result "1-0"]
[WhiteTitle "WFM"]
[BlackTitle "WIM"]
[WhiteElo "1871"]
[BlackElo "2145"]
[WhiteTeam "Chile"]
[BlackTeam "Serbia"]
[WhiteFideId "3403920"]
[BlackFideId "931390"]
[EventDate "2020.08.14"]
[EventType "team"]

1. e4 c6 2. d4 d5 3. exd5 cxd5 4. c4 Nf6 5. Nc3 e6 6. c5 Be7 7. Nf3 O-O 8. Bd3
b6 9. b4 a5 10. Na4 axb4 11. Nxb6 Ra7 12. Bd2 Nc6 13. Bb5 Bb7 14. Bxc6 Bxc6 15.
O-O Ra6 16. Bxb4 Rxb6 17. Ba5 Nd7 18. cxb6 Bd6 19. Rb1 Bb8 20. Qc2 Bb7 21. Bb4
Re8 22. Bc5 Qf6 23. Qa4 Rd8 24. Rfc1 g5 25. h3 Qf4 26. Be7 Rc8 27. Bxg5 Rxc1+
28. Rxc1 Qd6 29. Qb5 f6 30. Bd2 Qe7 31. a4 e5 32. Bb4 Qd8 33. a5 e4 34. Nh4 f5
35. Nxf5 Qg5 36. Ne7+ Kf7 37. Rf1 Qf4 38. g3 Qf3 39. Qxd7 1-0

[Event "Online Olym Div2 D 2020"]
[Site "chess.com INT"]
[Date "2020.08.15"]
[Round "5.2"]
[Board "5"]
[White "Radovanovic, Mihajlo"]
[Black "Donoso Diaz, Sebastian"]
[Result "1-0"]
[WhiteTitle "IM"]
[BlackTitle "FM"]
[WhiteElo "2457"]
[BlackElo "2192"]
[WhiteTeam "Serbia"]
[BlackTeam "Chile"]
[WhiteFideId "940313"]
[BlackFideId "3416097"]
[EventDate "2020.08.14"]
[EventType "team"]

1. Nf3 c5 2. c4 Nc6 3. Nc3 g6 4. g3 Bg7 5. Bg2 d6 6. O-O e5 7. d3 Nge7 8. Rb1
O-O 9. a3 f5 10. Ne1 a5 11. Nc2 Be6 12. Bg5 Qd7 13. Ne3 Nc8 14. Ned5 f4 15. Ne4
h6 16. Bxh6 Bxd5 17. cxd5 Bxh6 18. dxc6 bxc6 19. b4 axb4 20. axb4 Kh8 21. bxc5
d5 22. Nc3 fxg3 23. hxg3 Ne7 24. Rb6 Ra3 25. Qc2 Rfa8 26. Qb2 Bg7 27. Rb7 Qe6
28. Qc1 R3a5 29. Qg5 Qf6 30. Qg4 Rxc5 31. Na4 Rc2 32. Nb6 Re8 33. Qd7 Qf7 34.
Bf3 Bf6 35. Nc8 Kg8 36. Nd6 Qf8 1-0

[Event "Online Olym Div2 D 2020"]
[Site "chess.com INT"]
[Date "2020.08.15"]
[Round "5.2"]
[Board "6"]
[White "Gomez Barrera, Javiera Belen"]
[Black "Srdanovic, Jovana"]
[Result "0-1"]
[WhiteTitle "WIM"]
[BlackTitle "WFM"]
[WhiteElo "2083"]
[BlackElo "2144"]
[WhiteTeam "Chile"]
[BlackTeam "Serbia"]
[WhiteFideId "3418723"]
[BlackFideId "954810"]
[EventDate "2020.08.14"]
[EventType "team"]

1. e4 c5 2. Nf3 Nc6 3. d4 cxd4 4. Nxd4 Qb6 5. Nb3 Nf6 6. Nc3 e6 7. Be3 Qc7 8. a3
a6 9. f3 d6 10. Qd2 Be7 11. g4 Nd7 12. g5 Nce5 13. Be2 b5 14. h4 Bb7 15. Rg1 Nb6 0-1

[Event "Online Olym Div2 D 2020"]
[Site "chess.com INT"]
[Date "2020.08.15"]
[Round "5.3"]
[Board "1"]
[White "Sanal, Vahap"]
[Black "Hjartarson, Johann"]
[Result "1-0"]
[WhiteTitle "GM"]
[BlackTitle "GM"]
[WhiteElo "2581"]
[BlackElo "2525"]
[WhiteTeam "Turkey"]
[BlackTeam "Iceland"]
[WhiteFideId "6300545"]
[BlackFideId "2300044"]
[EventDate "2020.08.14"]
[EventType "team"]

1. e4 g6 2. d4 Bg7 3. Nf3 d6 4. Bd3 Nf6 5. c3 O-O 6. O-O Nc6 7. Be3 e5 8. Nbd2
Bg4 9. h3 Bxf3 10. Nxf3 Nd7 11. Re1 a6 12. a3 Kh8 13. Qc2 Qe7 14. d5 Nd8 15. b4
Rc8 16. c4 c5 17. Rab1 f6 18. g4 Nf7 19. Qd2 Rc7 20. h4 Rfc8 21. Kg2 Kg8 22. h5
gxh5 23. Nh4 hxg4 24. Nf5 Qd8 25. Qe2 Nf8 26. Qxg4 Ng6 27. Rh1 Ng5 28. bxc5 dxc5
29. Rb6 Bf8 30. Rhb1 Rb8 31. Bc2 Kh8 32. a4 Rf7 33. a5 Qe8 34. Rh1 Qd8 35. Bxg5
fxg5 36. Rxg6 Be7 37. Rgh6 Qg8 38. Ba4 Bd8 39. Nd6 Rg7 40. Bd7 Bxa5 41. Be6 1-0

[Event "Online Olym Div2 D 2020"]
[Site "chess.com INT"]
[Date "2020.08.15"]
[Round "5.3"]
[Board "2"]
[White "Thorfinnsson, Bragi"]
[Black "Ali Marandi, Cemil Can"]
[Result "1/2-1/2"]
[WhiteTitle "GM"]
[BlackTitle "GM"]
[WhiteElo "2427"]
[BlackElo "2543"]
[WhiteTeam "Iceland"]
[BlackTeam "Turkey"]
[WhiteFideId "2300958"]
[BlackFideId "6300529"]
[EventDate "2020.08.14"]
[EventType "team"]

1. d4 d5 2. c4 c6 3. Nc3 Nf6 4. cxd5 cxd5 5. f3 e6 6. e4 dxe4 7. fxe4 Bb4 8. e5
Nd5 9. Qd3 b6 10. Nf3 Ba6 11. Qc2 Bxf1 12. Rxf1 Nc6 13. Bd2 Rc8 14. Qe4 O-O 15.
Ng5 g6 16. Qh4 h5 17. g4 Nxd4 18. gxh5 Nxc3 19. bxc3 Nc2+ 20. Ke2 Bxc3 21. Bxc3
Rxc3 22. Rad1 Re3+ 23. Kf2 Rd3 24. hxg6 fxg6+ 25. Kg1 Rxf1+ 26. Rxf1 Qd4+ 27.
Qxd4 Nxd4 28. Rf6 Rd1+ 29. Kf2 Ra1 30. Rxg6+ Kf8 31. Rf6+ Ke8 32. Nxe6 Rxa2+ 33.
Kg3 Nxe6 34. Rxe6+ Kf7 35. Rf6+ Kg7 36. Rc6 Re2 37. Rc7+ Kg6 38. Rxa7 Rxe5 1/2-1/2

[Event "Online Olym Div2 D 2020"]
[Site "chess.com INT"]
[Date "2020.08.15"]
[Round "5.3"]
[Board "3"]
[White "Atalik, Ekaterina"]
[Black "Ptacnikova, Lenka"]
[Result "1-0"]
[WhiteTitle "IM"]
[BlackTitle "WGM"]
[WhiteElo "2450"]
[BlackElo "2117"]
[WhiteTeam "Turkey"]
[BlackTeam "Iceland"]
[WhiteFideId "4130189"]
[BlackFideId "305650"]
[EventDate "2020.08.14"]
[EventType "team"]

1. d4 Nf6 2. Nf3 e6 3. c4 Bb4+ 4. Nbd2 O-O 5. a3 Be7 6. e4 d6 7. b3 e5 8. Bb2
exd4 9. Nxd4 Re8 10. Be2 Bf8 11. f3 Nh5 12. O-O Qg5 13. Kh1 Qh4 14. Qe1 Qxe1 15.
Rfxe1 Nf4 16. Bf1 Nc6 17. g3 Nxd4 18. Bxd4 Ne6 19. Bf2 g6 20. Rad1 Bg7 21. Bh3
Bc3 22. Bxe6 fxe6 23. Re2 Bg7 24. Nb1 b6 25. Bd4 Bxd4 26. Rxd4 e5 27. Rd1 Rf8
28. Kg2 a5 29. a4 Be6 30. Nc3 Rf7 31. Rf2 Raf8 32. Rdf1 g5 33. g4 h5 34. h3 Kg7
35. Nd5 Kg6 36. Ne3 Rh7 37. Rh1 Rfh8 38. Rff1 Bc8 39. Rd1 Be6 40. Nf5 Bc8 41.
Ng3 h4 42. Nf5 Be6 43. Rhe1 Rf7 44. Kf2 Kf6 45. Ke3 Rff8 46. Kd2 Ra8 47. Kc3 Ra7
48. Ra1 Rha8 49. Red1 Kf7 50. Ne3 Ke8 51. Nd5 Kf7 52. Kd3 Bd7 53. Ke3 Be6 54.
Rd2 Bd7 55. Rad1 Be6 56. Nc3 Rf8 57. Nb5 Rb7 58. Rxd6 Ke7 59. R6d2 Rg8 60. Na3
Rbb8 61. Nc2 c6 62. Na3 Rgc8 63. Rc1 Rc7 64. Nb1 Rcb7 65. Nc3 Rc8 66. Nd1 Rcb8
67. Nf2 b5 68. axb5 cxb5 69. Ra2 bxc4 70. bxc4 Rb3+ 71. Nd3 Rd8 72. Rd2 Rd4 73.
c5 Bc4 74. Ke2 Bxd3+ 75. Kf2 Kd7 76. c6+ Kc7 77. Ra2 a4 78. Rc5 Bb5 79. Rxe5 a3
80. Rxg5 Rb2+ 81. Rxb2 axb2 82. Rxb5 Rd2+ 83. Ke3 Rh2 84. g5 Kxc6 85. Rb8 Kd6
86. g6 Rg2 87. g7 Rxg7 88. Rxb2 Rg3 89. Rh2 Ke5 90. Rh1 Ke6 91. Kf4 Kf6 92. e5+
Ke6 93. Ra1 Rxh3 94. Ra6+ Ke7 95. Rh6 Rh1 96. Kf5 h3 97. f4 h2 98. Rh7+ Kf8 99.
Ke6 Kg8 100. Rh4 Rf1 101. Rxh2 Rxf4 102. Ke7 Ra4 103. Rg2+ Kh7 104. e6 Ra7+ 105.
Kf8 Ra8+ 106. Kf7 1-0

[Event "Online Olym Div2 D 2020"]
[Site "chess.com INT"]
[Date "2020.08.15"]
[Round "5.3"]
[Board "4"]
[White "Acevedo Mendez, Lisseth"]
[Black "Ozturk, Kubra"]
[Result "1-0"]
[WhiteTitle "WIM"]
[BlackTitle "WGM"]
[WhiteElo "1845"]
[BlackElo "2330"]
[WhiteTeam "Iceland"]
[BlackTeam "Turkey"]
[WhiteFideId "6502938"]
[BlackFideId "6302599"]
[EventDate "2020.08.14"]
[EventType "team"]

1. e4 e5 2. Nf3 Nc6 3. d4 exd4 4. Nxd4 Bc5 5. Be3 Qf6 6. c3 d6 7. Be2 Nge7 8.
O-O Qg6 9. Nxc6 Bxe3 10. Nxe7 Bxf2+ 11. Rxf2 Kxe7 12. Bh5 1-0

[Event "Online Olym Div2 D 2020"]
[Site "chess.com INT"]
[Date "2020.08.15"]
[Round "5.3"]
[Board "5"]
[White "Gokerkan, Cem Kaan"]
[Black "Stefansson, Vignir Vatnar"]
[Result "1/2-1/2"]
[WhiteTitle "IM"]
[BlackTitle "FM"]
[WhiteElo "2461"]
[BlackElo "2301"]
[WhiteTeam "Turkey"]
[BlackTeam "Iceland"]
[WhiteFideId "6336760"]
[BlackFideId "2308649"]
[EventDate "2020.08.14"]
[EventType "team"]

1. e4 c5 2. c3 Nf6 3. e5 Nd5 4. d4 cxd4 5. Qxd4 e6 6. Nf3 Nc6 7. Qe4 f5 8. Qe2
Be7 9. g3 O-O 10. Bg2 d6 11. exd6 Qxd6 12. O-O Bf6 13. Na3 Qc7 14. Re1 Re8 15.
Bg5 Bxg5 16. Nxg5 Nf6 17. Nb5 Qe7 18. Rad1 h6 19. Nf3 e5 20. Nh4 g5 21. Nf3 e4
22. Nfd4 Ne5 23. Nc2 Be6 24. b3 g4 25. Ncd4 Bc8 26. Nc2 a6 27. Nd6 Rd8 28. Nxc8
Raxc8 29. Nd4 Qd7 30. Qe3 Kh7 31. Qf4 Ng6 32. Qxf5 Qxf5 33. Nxf5 Rxd1 34. Rxd1
Rxc3 35. Nd6 e3 36. fxe3 Rxe3 37. Nxb7 Ne5 38. Nc5 Re2 39. Rf1 Kg6 40. a4 Rb2
41. a5 Nfd7 42. Nxa6 Rxb3 43. Nc7 Ra3 44. a6 Nc5 45. Re1 Kf5 46. Bb7 Nf3+ 47.
Bxf3 gxf3 48. Nb5 Rxa6 49. h3 Ra4 50. Nd6+ Kg6 51. Rf1 Ra3 52. Nc4 Ra2 53. Ne5+
Kg7 54. Nxf3 Ne4 55. g4 Ng5 56. Nxg5 hxg5 57. Rf2 Ra3 58. Kg2 Kg6 59. Rb2 Rc3
60. Rb6+ Kg7 61. Rb5 Kg6 62. Rf5 Ra3 63. Rf3 Ra2+ 64. Kg3 Ra6 65. Rc3 Rd6 66.
Kf3 Re6 67. Ra3 Kf6 68. Rc3 Kg6 69. Re3 Rf6+ 70. Ke4 Rf1 71. Ke5 Rf2 72. Ke6
Rf6+ 73. Ke7 Rf7+ 74. Ke8 Rf2 75. Ke7 Rf7+ 76. Kd6 Rf2 77. Re6+ Kg7 78. Re3 Kg6
79. Ke6 Rf1 80. Ke5 Rf2 81. Kd5 Rf1 82. Re6+ Kf7 83. Rh6 Kg7 84. Ra6 Rf3 85. Ke4
Rxh3 86. Kf5 Rb3 87. Ra7+ Kg8 88. Kxg5 Rb5+ 89. Kh6 Rb6+ 90. Kh5 Rc6 91. g5 Rb6
92. Rc7 Rd6 93. Rb7 Rc6 94. Ra7 Rd6 95. Rc7 Rb6 96. Ra7 Rd6 97. g6 Rd1 98. Ra8+
Kg7 99. Ra7+ Kg8 100. Ra8+ Kg7 101. Ra7+ Kg8 1/2-1/2